| 000 | 00331nam a2200133Ia 4500 | ||
|---|---|---|---|
| 005 | 20260328104306.0 | ||
| 008 | 260328s9999||||xx |||||||||||||| ||und|| | ||
| 100 | _aTonguç, Saffet Emre | ||
| 245 | 0 |
_aIstanbul The Ultimate Guide / _cSaffet Emre Tonguç |
|
| 260 | _bBoyut | ||
| 300 | _a613 p. | ||
| 650 | _aESTAMBUL | ||
| 942 | _cBK | ||
| 999 |
_c10753 _d10753 |
||